000 00315 a2200109 4500
001 ART_18851
005 20260410161703.0
008 260409a
245 1 0 _a"Medidas cautelares en materia tributaria
100 1 _aODonnell, Agustina
773 0 _tRevista Impuestos
_g- NÂș 6 (jun. 2011)
_wREV639
999 _c15391
_d15391